Les Pokémon de la Deuxième Génération dans l'ordre - Statistiques

Statistiques générales
  • Ce quiz a été pris 84 fois
  • Le résultat moyen est 70 sur 100
Statistiques - réponses
# Nom % Correct
0152 Germignon
100%
0160 Aligatueur
96%
0156 Feurisson
96%
0155 Hericendre
96%
0158 Kaiminus
96%
0157 Typhlosion
96%
0165 Coxy
93%
0166 Coxyclaque
93%
0159 Crocrodil
93%
0162 Fouinar
93%
0161 Fouinette
93%
0163 Hoothoot
93%
0153 Macronium
93%
0154 Meganium
93%
0168 Migalos
93%
0167 Mimigal
93%
0164 Noarfang
93%
0180 Lainergie
89%
0171 Lanturn
89%
0170 Loupio
89%
0181 Pharamp
89%
0179 Wattouat
89%
0173 Melo
85%
0177 Natu
85%
0169 Nostenfer
85%
0172 Pichu
85%
0175 Togepi
85%
0176 Togetic
85%
0174 Toudoudou
85%
0178 Xatu
85%
0189 Cotovol
81%
0188 Floravol
81%
0187 Granivol
81%
0182 Joliflor
78%
0186 Tarpaud
78%
0194 Axoloto
74%
0184 Azumarill
74%
0190 Capumain
74%
0195 Maraiste
74%
0183 Marill
74%
0185 Simularbre
74%
0196 Mentali
70%
0197 Noctali
70%
0201 Zarbi
70%
0198 Cornebre
67%
0241 Ecremeuh
67%
0246 Embrylex
67%
0244 Entei
67%
0192 Heliatronc
67%
0250 Ho-oh
67%
0249 Lugia
67%
0243 Raikou
67%
0199 Roigada
67%
0245 Suicune
67%
0191 Tournegrin
67%
0248 Tyranocif
67%
0247 Ymphect
67%
0251 Celebi
63%
0200 Feuforeve
63%
0193 Yanma
63%
0227 Airmure
59%
0205 Foretress
59%
0203 Girafarig
59%
0242 Leuphorie
59%
0224 Octillery
59%
0204 Pomdepik
59%
0235 Queulorior
59%
0202 Qulbutoke
59%
0211 Qwilfish
59%
0223 Remoraid
59%
0212 Cizayox
56%
0222 Corayon
56%
0236 Debugant
56%
0226 Demanta
56%
0215 Farfuret
56%
0206 Insolourdo
56%
0237 Kapoera
56%
0218 Limagma
56%
0214 Scarhino
56%
0208 Steelix
56%
0216 Teddiursa
56%
0217 Ursaring
56%
0219 Volcaropod
56%
0225 Cadoizo
52%
0213 Caratroc
52%
0234 Cerfrousse
52%
0221 Cochignon
52%
0229 Demolosse
52%
0239 Elekid
52%
0210 Granbull
52%
0230 Hyporoi
52%
0238 Lippouti
52%
0240 Magby
52%
0228 Malosse
52%
0220 Marcacrin
52%
0233 Porygon2
52%
0207 Scorplane
52%
0209 Snubbull
52%
0232 Donphan
48%
0231 Phanpy
48%
Aucun quiz correspondant
Distribution des résultats
% des personnes avec chaque résultat
Percentile par nombre de réponses
Votre historique - résultats
Vous n’avez pas pris ce quiz